Normal view
MARC view
Entry Personal Name
001 - CONTROL NUMBER
- control field: 12134
003 - CONTROL NUMBER IDENTIFIER
- control field: OSt
005 - DATE AND TIME OF LATEST TRANSACTION
- control field: 20170510173554.0
008 - FIXED-LENGTH DATA ELEMENTS
- fixed length control field: 170510|| aca||aabn | a|a d
040 ## - CATALOGING SOURCE
- Original cataloging agency: OSt
- Transcribing agency: OSt
100 ## - HEADING--PERSONAL NAME
- Personal name: Frisch,Uriel;
670 ## - SOURCE DATA FOUND
- Source citation: Work cat.: (OSt): Frisch,Uriel;, Turbulence.
